As aventuras de Pinóquio (Registo nº 1825)

Detalhes MARC
000 -Etiqueta do registo
Cabeçalho 00816nam a22002891 4500
005 - Identificador da versão
Campo de controlo 20240813121917.0
095 ## -
-- PTBN00005075
021 ## - Número do Depósito Legal
Código do país PT
Número 32915/89
100 ## - Dados gerais de processamento
Dados gerais de processamento 20070514d1989 cd y0pory5003 ba
102 ## - Pais de publicação ou produção
País de publicação Portugal
101 1# - Língua de publicação
Língua do texto, banda sonora, etc. Português
Língua do documento no original Francês
106 ## - Campo de dados codificados: material textual
Dados codificados do material textual r
105 ## - Campo de dados codificados: livros
Dados codificados dos livros a t 000zy
215 ## - Descrição física 
Indicação específica da natureza do documento e extensão da espécie [36] p.
Outras indicações físicas todo il.
Dimensões 31 cm
200 1# - Titulo e menção de responsabilidade
Título próprio As aventuras de Pinóquio
Outras menções de responsabilidade il. Art Studium
Número de uma parte ou secção trad. Jorge Filgueiras
225 2# - Colecção 
Título próprio da colecção Histórias para sempre
210 ## - Publicação, Distribuição, etc. 
Lugar da edição, distribuição, etc. Lisboa
Nome do editor, distribuidor, etc. Celbrasil
Data da publicação, distribuição, etc. imp. 1989
327 0# - Nota de conteúdo 
Texto da nota Adaptação
606 ## - Nome comum usado como assunto
Número de registo de entrada de autoridade 0000243
Palavra de ordem Literatura estrangeira infantil
Subdivisão de assunto Banda desenhada
675 ## - Classificação Decimal Universal (CDU)
Notação 82-9
Edição
Língua da edição por
702 #1 - Nome de autor-pessoa física (responsabilidade secundária)
Número de registo de entrada de autoridade 0000342
Palavra de ordem Filgueiras
Outra parte do nome não tomada para palavra de ordem Jorge
Código de função Tradutor
700 #1 - Nome de autor-pessoa física (responsabilidade principal)
Número de registo de entrada de autoridade 0000244
Palavra de ordem Art Studium
942 ## - Elementos de entrada adicionados (Koha)
Tipo de item no Koha Livro
Exemplares
Situação do levantamento Origin of item (home branch) (coded) Biblioteca de empréstimo Código de barras Cota Circulation type (not for loan) Tipo de documento Nota do exemplar Damaged status
  Biblioteca Escolar da Coca Maravilhas Biblioteca Escolar da Coca Maravilhas BECM4795/00 8BD STU   Livro Sem mensagem